00628nam a2200193Ia 4500008004100000020001300041082001600054100002500070245005200095250000800147260003500155300002800190500001900218600002700237650001500264942000700279952013300286999001500419240925s9999 xx 000 0 und d a70212910 a621.314 FLA aFlamagan, William M. 0aHandbook of Transformer Design and Applications a2nd aNew York:bMcGraw-Hillc,1992. axiv,496p.bNAfOriginal aIncludes Index aElectrical Engineering aTechnology cBK 001040708ELaUITUbUITUd1996-01-22eRoyal Book Company g2691.00l0o621.314 FLApQ0521r2024-09-25 07:12:07w2024-09-25yBK c3020d3020